Borland C++ Objektové programování a popis jazyka
Salvato in:
| Autore principale: | |
|---|---|
| Altri autori: | |
| Natura: | Libro |
| Lingua: | ceco |
| Pubblicazione: |
Praha
Grada
1992
|
| Edizione: | 1. vyd. |
| Soggetti: | |
| Tags: |
Nessun Tag, puoi essere il primo ad aggiungerne!!
|
MARC
| LEADER | 00000nam a2200000 4500 | ||
|---|---|---|---|
| 001 | c001223 | ||
| 005 | 20221214085328.8 | ||
| 020 | |a 80-85424-25-8 | ||
| 041 | 0 | |a cze | |
| 044 | |a CZ | ||
| 245 | 1 | 0 | |a Borland C++ |b Objektové programování a popis jazyka |c Karel Nenadál, Dana Václavíková |
| 250 | |a 1. vyd. | ||
| 264 | 1 | |a Praha |b Grada |c 1992 | |
| 300 | |a 371 s. | ||
| 610 | 2 | 0 | |a programovanie objektové |
| 610 | 2 | 0 | |a Borland C++ |
| 610 | 2 | 0 | |a jazyky programovacie |
| 610 | 2 | 0 | |a C++ |
| 610 | 2 | 0 | |a programy počítačové |
| 610 | 2 | 0 | |a vstupy |
| 610 | 2 | 0 | |a výstupy |
| 610 | 2 | 0 | |a prekladač programu |
| 100 | 1 | |a Nenadál, Karel | |
| 700 | 1 | |a Václavíková, Dana | |